000 00652nam a2200253Ia 4500
005 20260121155021.0
008 008 260114s9999 xx 000 0 eng d
020 _a9781003187479
037 _aEBOOK
040 _aCRL
040 _beng
040 _cCRL
041 _2eng
041 _aeng
084 _qCRL
100 _a Sudeshna Basu Mukherjee; Saheli Guha Neogi Ghatak; Nilanjan Ray
_91014340
245 0 _aDigitization of Economy and Society
260 _bTaylor and Francis
260 _c2021
856 _uhttp://www.taylorfrancis.com/books/9781003187479
942 _cEBOOK
999 _c1581159
_d1581159